Pérdidas y ganancias / (Registro nro. 11306)

Detalles MARC
000 -LIDER
fixed length control field 00991nam a2200325 b 4500
001 - NÚMERO DE CONTROL
Identificador de número de control 0095
003 - IDENTIFICACDOR DE NÚMERO DE CONTROL
control field DO-SdBNP
005 - DATE AND TIME OF LATEST TRANSACTION
control field 20241022123647.0
007 - CAMPOS FIJOS DE DESCRIPCIÓN FÍSICA
fixed length control field 0095
008 - ELEMENTOS DE LONGITUD FIJA
fixed length control field 050307s2005 sp | ||| ||spa
017 ## - NÚMERO DE REGISTRO DE DERECHOS DE AUTOR
Copyright or legal deposit number
Assigning agency
020 ## - ISBN
International Standard Book Number 8403095848
035 ## - NÚMERO LOCAL
System control number
040 ## - FUENTE DE CATALOGACIÓN
Agencia que crea de manera original el registro BPMSU
Idioma de catalogación spa
Agencia que realiza la transcripción BPMSU
Convenciones de la despripción
082 #4 - NÚMERO DE CLASIFICACIÓN DECIMAL DE DEWEY
Classification number 158.1
Item number L949p 2005
Edition number 22
100 1# - ASIENTO PRINCIPAL -- NOMBRE PERSONAL
Nombre personal Luft, Lya
Fechas asociadas con el nombre 1938-2021
245 10 - MENCIÓN DE TITULO
Título Pérdidas y ganancias /
Mención de responsabilidad Lya Luft ; traducción de Mario Merlino
Medio (Designación general de material)
246 14 - VARIACION DEL TÍTULO
Título propiamente dicho o título corto Pérdidas y ganancias :
Subtítulo la vida no teje sólo una tela de pérdidas, sino que nos proporciona también una sucesión de ganancias
250 ## - MENCIÓN DE EDICION
Mención de edición
260 ## - PUBLICACIÓN, DISTRIBUCIÓN, ETC. (PIE DE IMPRENTA)
Lugar de publicación, distribución, etc Madrid :
Nombre del editor, distribuidor, etc. Aguilar,
Fecha de publicación, distribución, etc 2005
300 ## - DESCRIPCIÓN FÍSICA
Extensión 181 p.;
Dimensiones 24 cm
590 ## - NOTA LOCAL
Texto de la nota local Inventariado, 2024/VM
648 ## - SUBJECT ADDED ENTRY--CHRONOLOGICAL TERM
General subdivision
650 #4 - ENCABEZAMIENTO DE MATERIA--TEMÁTICO
Término temático o nombre geográfico como elemento de entrada Mujeres
Subdivisión temática general Conducta
650 #4 - ENCABEZAMIENTO DE MATERIA--TEMÁTICO
Término temático o nombre geográfico como elemento de entrada Autorrealización (Psicología)
650 #4 - ENCABEZAMIENTO DE MATERIA--TEMÁTICO
Término temático o nombre geográfico como elemento de entrada Mujeres
Subdivisión temática general Psicología
700 ## - ASIENTO SECUNDARIO -- NOMBRE PERSONAL
Nombre personal Merlino, Mario
Mención de responsabilidad traductor
910 ## - VALIDACIÓN
Validación VMateo V. Control de calidad. BPMSU
942 ## - ADDED ENTRY ELEMENTS (KOHA)
Source of classification or shelving scheme Dewey Decimal Classification
Koha item type Libros
Existencias
Withdrawn status Lost status Source of classification or shelving scheme Damaged status Not for loan Collection code Home library Current library Date acquired Source of acquisition Total Checkouts Full call number Barcode Date last seen Price effective from Koha item type Copy number Uniform Resource Identifier
    Dewey Decimal Classification     Colección General Biblioteca Pública Metropolitana Salomé Ureña Biblioteca Pública Metropolitana Salomé Ureña 09/05/2016 ALFAGUARA   BPMSU CG 158.1 L949p 2005 BPMSU16090116 09/05/2016 09/05/2016 Libros    
    Dewey Decimal Classification     Colección General Biblioteca Pública Metropolitana Salomé Ureña Biblioteca Pública Metropolitana Salomé Ureña 09/05/2016 ALFAGUARA   BPMSU CG 158.1 L949p 2005 BPMSU16090117 09/05/2016 09/05/2016 Libros e.2  
    Dewey Decimal Classification     Colección General Biblioteca Pública Metropolitana Salomé Ureña Biblioteca Pública Metropolitana Salomé Ureña 09/05/2016 ALFAGUARA   BPMSU CG 158.1 L949p 2005 BPMSU18020003 09/05/2016 09/05/2016 Libros   e.3